000 00631nam a2200241Ia 4500
003 OSt
005 20221007100250.0
006 a|||||r|||| 00| 0
007 ta
008 221006b |||||||| |||| 00| 0 eng d
024 _a4,109
037 _cTextual
040 _aLCO
_cLCO
_beng
041 _2eng
_aeng
082 _aV2:57'N14-M99, L9
100 _aPAUL S N
_9609223
245 0 _aPublic opinion and British rule.
260 _aN.Delhi
_bMetropolitan
_c1979
300 _a236
650 _aBRITISH RULE
_9701424
942 _hV2:57'N14-M99, L9
_cTEXL
999 _c1173672
_d1173672